| 000 | 004700000a22001930004500 | ||
|---|---|---|---|
| 001 | 002598 | ||
| 003 | MACL | ||
| 005 | 20150916130148.0 | ||
| 008 | 150916b xxu||||| |||| 00| 0 eng d | ||
| 040 |
_aMACL _cMACL |
||
| 041 | _aEnglish | ||
| 082 | _a823/SAM | ||
| 100 |
_aSamad, Abdus _911570 |
||
| 245 |
_aA Strip of Land Two Yards Long _cAbdus Samad |
||
| 260 |
_aDelhi _c1997 _bSahitya Akademi, |
||
| 350 | _a170 | ||
| 650 |
_aFiction _911571 |
||
| 942 |
_k823 _cBK _2ddc |
||
| 999 |
_c14507 _d14507 |
||